| 000 | 00446nam a2200181 a 4500 | ||
|---|---|---|---|
| 001 | 1772014605289 | ||
| 003 | YourLibrary | ||
| 005 | 20260225154811.0 | ||
| 008 | 260225s2009##################000#0#eng## | ||
| 020 | _a9781422205976 | ||
| 082 | 0 | 4 |
_a323.092 _bHOE |
| 100 | 1 |
_aHoe, Susan, _eauthor. |
|
| 245 | 1 | 0 | _aRosa Parks : |
| 260 | _c2009. | ||
| 650 | 0 | _aAfrican American women. | |
| 942 | _cENGLISH | ||
| 040 |
_aYourLibrary _beng _cYourLibrary |
||
| 999 |
_c615866 _d615866 |
||